Datum a čas kvízu

33 Celkem bodů Celkový počet nahraných bodů na tomto kvízu bez doplňovacích otázek.
4. Pořadí na kvízu Konečné umístění týmu na tomto kvízu.

Zaznamenané odpovědi

# Otázka Odpověď Body Výsledky
1. Ručně a stručně vyřešila své p... v Brně 1
2. Vláda jedné země chystá poměrn... Austrálie 1
3. Minulý týden byl zveřejněn tea... Marty Pohl, Řezník 0.5
4. Minulý týden jsme se dozvěděli... 5 000 Kčs 0
5. Ve kterém hlavním městě ležící... v Rijádu 1
6. Robin Hood je britsko-americký... Ridley Scott, Russel Crowe 0
7. Přiřaďte následující herce k p... 1D 2A 3B 4C 1
8. Německý film režiséra Edwarda... Na západní frontě klid, Erich Maria Remarque 1
9. Protektor je film režiséra Mar... Jana Plodková, Marek Daniel 0.5
10. Napište název filmu, z něhož p... Četa (Platoon) 0